000 00272cam a22001097a 4500
008 180718b1963 xxu||||| |||| 00| 0 eng d
082 _aXA 44 x42 Un3
245 _aHousing cost yardstick
_cBy HMSO
260 _aLondon
_bHMSO
_c1963
300 _a13p.
650 _aHousing cost
999 _c414619
_d414619